Statistics for All ESL CSGO Tournaments

Click here to take the quiz!

General Stats

  • This quiz has been taken 46 times
  • The average score is 176 of 211

Answer Stats

Answer% Correct
?
100%
device
100%
flusha
100%
fnatic
100%
GeT_RiGhT
100%
gla1ve
100%
Happy
100%
JW
100%
kennyS
100%
NEO
100%
niko
100%
NIKo
100%
olofmeister
100%
pashaBiceps
100%
Snax
100%
TaZ
100%
Virtus Pro
100%
AdreN
92%
Aleksib
92%
allu
92%
apEX
92%
Astralis
92%
Ax1Le
92%
b1t
92%
BIG
92%
boltz
92%
Boombl4
92%
broky
92%
byali
92%
cajunb
92%
Cloud9
92%
coldzera
92%
dennis
92%
Dosia
92%
dupreeh
92%
dycha
92%
Edward
92%
electroNic
92%
EliGE
92%
ENCE
92%
Envy
92%
f0rest
92%
FalleN
92%
FaZe
92%
fer
92%
Fifflaren
92%
flamie
92%
fnx
92%
friberg
92%
frozen
92%
G2
92%
Gambit
92%
gob b
92%
GuardiaN
92%
HObbit
92%
huNter-
92%
iM
92%
interz
92%
karrigan
92%
kioShiMa
92%
KRIMZ
92%
LDLC
92%
Liquid
92%
Luminosity
92%
m0NESY
92%
Maden
92%
Magisk
92%
MIBR
92%
mou
92%
MOUZ
92%
NAF
92%
nafany
92%
NAVI
92%
NBK-
92%
NertZ
92%
nex
92%
NIP
92%
nitr0
92%
OG
92%
oSee
92%
Perfecto
92%
rain
92%
REZ
92%
ropz
92%
RUSH
92%
s1mple
92%
sh1ro
92%
shox
92%
siuhy
92%
SK
92%
Skadoodle
92%
Snappi
92%
Stewie2K
92%
tabseN
92%
TACO
92%
tarik
92%
twist
92%
Twistzz
92%
Vitality
92%
xertioN
92%
Xizt
92%
Xyp9x
92%
YEKINDAR
92%
Zeus
92%
ZywOo
92%
ALEX
85%
AMANEK
85%
autimatic
85%
Brollan
85%
cadiaN
85%
CeRq
85%
chrisj
85%
Ethan
85%
Golden
85%
hades
85%
Heroic
85%
HooXi
85%
JACKZ
85%
jdm64
85%
jimpphat
85%
jks
85%
jL
85%
k0nfig
85%
Maikelele
85%
misutaaa
85%
n0thing
85%
North
85%
npl
85%
NRG
85%
pronax
85%
refrezh
85%
RpK
85%
ScreaM
85%
seized
85%
shroud
85%
sjuush
85%
SmithZz
85%
Spinx
85%
stavn
85%
SunPayus
85%
TeSeS
85%
torzsi
85%
TSM
85%
woxic
85%
arT
77%
bodyy
77%
Brehze
77%
buster
77%
CLG
77%
daps
77%
DemQQ
77%
drop
77%
felps
77%
flameZ
77%
FURIA
77%
hampus
77%
Hiko
77%
KSCERATO
77%
Kyojin
77%
Monte
77%
saffee
77%
sdy
77%
smooya
77%
Spiidi
77%
stanislaw
77%
suNny
77%
tiziaN
77%
Woro2k
77%
yuurih
77%
aizy
69%
cromen
69%
Dignitas
69%
Evil Geniuses
69%
Ex6TenZ
69%
FeTiSh
69%
freakazoid
69%
kRaSnaL
69%
Lekr0
69%
LGB
69%
Misfits
69%
MSL
69%
oskar
69%
Pimp
69%
Plopski
69%
seangares
69%
STYKO
69%
valde
69%
VINI
69%
br0
62%
denis
62%
es3tag
62%
KQLY
62%
mantuu
62%
nawwk
62%
pyth
62%
reltuC
62%
devoduvek
54%
FNS
54%
FugLy
54%
junior
54%
SicK
54%
cype
46%
hazed
46%
Lucky
46%
Maniac
46%
mir
46%
phzy
46%
ShahZaM
46%
Uzzziii
46%
ztr
46%
loWel
38%

Score Distribution

Percentile by Number Answered

Percent of People with Each Score

Your Score History

You have not taken this quiz